00303 a2200097 4500001001000000005001700010008004100027245004000068100002200108773007500130ART_5644420260410161823.0260409a 10aRevocación de reencuadre de multa1 aBello, Alberto M.0 tDoctrina Penal Tributaria y Económicag- N° 64 (jun. 2022)wREV4317